Fitness,health and nurition : managing stress
| Format: | Book |
|---|---|
| Published: |
Virginia :
Time-Life Books ,
1988
|
| Series: | Fitness, health & nutrition
|
| Subjects: |
MARC
| LEADER | 00000cam a2200000 7i4500 | ||
|---|---|---|---|
| 001 | 0000005117 | ||
| 002 | 000005526 | ||
| 005 | 20000330.0 | ||
| 020 | |a 0809461722 | ||
| 090 | 0 | 0 | |a 613 |b FIT |
| 245 | 0 | 0 | |a Fitness,health and nurition : |b managing stress |
| 260 | |a Virginia : |b Time-Life Books , |c 1988 | ||
| 300 | |a 144p. : |b ill. ; |c 27cm. | ||
| 490 | 0 | |a Fitness, health & nutrition | |
| 650 | 0 | 0 | |a Stress |
| 650 | 0 | 0 | |a Stress (Psychology) |x Prevention |
| 999 | |a 017687 |b BUKU |c PINJAMAN |e PERPUSTAKAAN KOMUNITI PETALING JAYA | ||